000 01284nas a2200325 4500
001 BR2012003431
003 BR-BrBNA
005 20231205120543.0
007 ta
008 230509b bl.|||p| |||| 00| 00por d
040 _aBR-BrBNA
_bpor
_cBiblioteca Nacional de Agricultura
041 _a(Pt)
072 _aK10
100 1 _aRigueira, D.M.G.
100 1 _aMolinari, A.L.M.
100 1 _aMariano, D.L.S.
100 1 _aReis, R.M.
100 1 _aPortugal, A.B.
100 1 _aSantana, N. de S.
100 1 _aSantos, R.A. dos
245 1 _aInfluência da distância da borda e do adensamento foliar sobre a abundância de plantas pioneiras em um fragmento de floresta tropical submontana na Estação Ecológica de Wenceslau Guimarães (Bahia, Brasil)
246 1 _aInfluence of edge distance and leaf density on the abundance of pionner plants in a patch of tropical submontane forest in the ecological station of Wenceslau Guimarães (Bahia, Brazil)
650 _aFLORESTA TROPICAL
650 _aCONDIÇÃO AMBIENTAL
650 _aRADIAÇÃO LUMINOSA
650 _aVEGETAÇÃO
773 0 _tActa Botanica Brasilica (Brazil)
_xISSN 0102-3306
_g(Jan-Mar 2012), v. 26(1) p. 197-202
_wBR2012003431
909 _a202311
_bLúcia
_c55
_dLúcia Elande
942 _2AGRIS
_n0
_cANA
999 _c219101
_d219101